[Event "7th HD Bank Cup 2017"]
[Site "Ho Chi Minh City VIE"]
[Date "2017.03.15"]
[Round "6.48"]
[White "Luong, Phuong Hanh"]
[Black "Le, Minh Hoang"]
[Result "1/2-1/2"]
[BlackTitle "CM"]
[WhiteElo "2148"]
[BlackElo "2198"]
[WhiteFideId "12401013"]
[BlackFideId "12404683"]
[EventDate "2017.03.12"]

1. d4 d5 2. c4 c6 3. Nf3 Nf6 4. Qc2 dxc4 5. Qxc4 Bg4 6. Nc3 Nbd7 7. e4 e6 8. Be3
Be7 9. Be2 O-O 10. O-O a5 11. Rfd1 Bb4 12. Qd3 Bh5 13. Qc2 Re8 14. a3 Bf8 15.
Rac1 Rc8 16. h3 Be7 17. Qb3 Qb6 18. Qxb6 Nxb6 19. d5 Bxf3 20. gxf3 Nbd7 21. dxe6
fxe6 22. Bc4 Bc5 23. Bxc5 Nxc5 24. b4 axb4 25. axb4 Ncd7 26. Rd6 Kf7 27. f4 Nf8
28. e5 Nd5 29. Ne4 Nxf4 30. Rd4 Ke7 31. Nd6 g5 32. Nxe8 Rxe8 33. Ra1 Nxh3+ 34.
Kh2 Nf4 35. Ra7 Rb8 36. Ba6 Nd7 37. Bxb7 Nxe5 38. Bxc6+ Kf6 39. b5 Ng4+ 40. Kh1
Nxf2+ 41. Kh2 Ng4+ 42. Kh1 Nf2+ 43. Kh2 Ng4+ 1/2-1/2

[Event "7th HD Bank Cup 2017"]
[Site "Ho Chi Minh City VIE"]
[Date "2017.03.15"]
[Round "6.49"]
[White "Le, Thanh Tu"]
[Black "Li, Xueyi"]
[Result "1/2-1/2"]
[WhiteTitle "WGM"]
[WhiteElo "2271"]
[BlackElo "2170"]
[WhiteFideId "12401005"]
[BlackFideId "8605912"]
[EventDate "2017.03.12"]

1. d4 d5 2. c4 e6 3. Nf3 c6 4. Nbd2 Nf6 5. g3 Bb4 6. Qb3 a5 7. a3 Bxd2+ 8. Bxd2
O-O 9. Bg2 b6 10. Bg5 a4 11. Bxf6 gxf6 12. Qc2 Nd7 13. O-O Ba6 14. cxd5 cxd5 15.
Rfe1 f5 16. Rac1 Qe7 17. Qd2 Rac8 18. Bf1 f6 19. Qf4 Nb8 20. Rxc8 Rxc8 21. Rc1
Rxc1 22. Qxc1 Qd7 23. Qh6 Qe7 24. Qc1 Qd7 25. Qc2 Qc6 26. Qd2 Qd6 27. e3 Bxf1
28. Kxf1 Kg7 29. Ne1 Nc6 30. Qc2 b5 31. Nd3 e5 32. Qc3 Kf7 33. Nc5 Kg8 34. Qd3
f4 35. gxf4 exd4 36. Qxb5 dxe3 37. fxe3 Kh8 38. Nxa4 Qd7 39. Qc5 Ne7 40. Nb6 Qe6
41. a4 Kg7 42. a5 Nf5 43. Ke2 d4 44. Nd5 Qa6+ 45. Kd2 Qf1 46. exd4 Qf2+ 47. Kc3
Qe1+ 48. Kb3 Qd1+ 49. Kb4 Qd2+ 50. Qc3 Qe2 51. b3 Qe4 52. Kc5 Qe6 53. Qb4 Qd6+
54. Kc4 Qa6+ 55. Kc3 Qf1 56. Qb6 Qc1+ 57. Kb4 Qd2+ 58. Kc4 Qe2+ 59. Kb4 Qd2+ 60.
Kb5 Qe2+ 61. Kc6 Qe4 62. Qc5 Nxd4+ 63. Kb7 Nxb3 64. Qb5 Nd4 65. Qd7+ Kh6 66. a6
Ne6 67. Ka7 Qd4+ 68. Nb6 Qe4 69. Qd5 Qe3 70. f5 Nc5 71. Qd6 Kg5 72. Nd5 Qd4 73.
Ka8 Nxa6 74. Qg3+ Kxf5 75. Ne3+ Ke4 76. Ng4 1/2-1/2

[Event "7th HD Bank Cup 2017"]
[Site "Ho Chi Minh City VIE"]
[Date "2017.03.15"]
[Round "6.50"]
[White "Nishant, Malhotra"]
[Black "Ivana Maria, Furtado"]
[Result "1/2-1/2"]
[BlackTitle "WIM"]
[WhiteElo "2198"]
[BlackElo "2150"]
[WhiteFideId "5099129"]
[BlackFideId "5048400"]
[EventDate "2017.03.12"]

1. d4 Nf6 2. c4 e6 3. g3 c5 4. d5 exd5 5. cxd5 d6 6. Nc3 g6 7. Nf3 Bg7 8. Bg2
O-O 9. O-O Re8 10. Bf4 Nh5 11. Bg5 f6 12. Be3 Na6 13. Nd2 f5 14. Nc4 Nc7 15. a4
b6 16. Re1 Ba6 17. Nd2 h6 18. Nf3 Bb7 19. Nh4 Kh7 20. Bc1 Bf6 21. Nf3 Qd7 22.
Qd2 Qg7 23. h3 g5 24. Nh2 Re7 25. Qc2 Qg6 26. Bd2 Rae8 27. Rad1 f4 28. Qxg6+
Kxg6 29. g4 Ng7 30. e4 a6 31. Bf1 Kf7 32. f3 Rb8 33. Ra1 Bc8 34. Nd1 b5 35. Bc3
Bd7 36. axb5 Bxb5 37. Bxf6 Kxf6 38. Kf2 Nge8 39. Ra2 Kf7 40. Nc3 Nf6 41. Bxb5
axb5 42. e5 Nfe8 43. e6+ 1/2-1/2

[Event "7th HD Bank Cup 2017"]
[Site "Ho Chi Minh City VIE"]
[Date "2017.03.16"]
[Round "7.4"]
[White "Tran, Tuan Minh"]
[Black "Iturrizaga Bonelli, Eduardo"]
[Result "1/2-1/2"]
[WhiteTitle "IM"]
[BlackTitle "GM"]
[WhiteElo "2503"]
[BlackElo "2673"]
[WhiteFideId "12401820"]
[BlackFideId "3901211"]
[EventDate "2017.03.12"]

1. d4 Nf6 2. c4 e6 3. Nc3 Bb4 4. e3 c5 5. Ne2 d6 6. a3 Ba5 7. g3 d5 8. Bg2 cxd4
9. exd4 dxc4 10. Bg5 O-O 11. O-O Nbd7 12. Ne4 Rb8 13. Qc1 h6 14. Nxf6+ Nxf6 15.
Bf4 Bc7 1/2-1/2

[Event "7th HD Bank Cup 2017"]
[Site "Ho Chi Minh City VIE"]
[Date "2017.03.16"]
[Round "7.10"]
[White "Ghosh, Diptayan"]
[Black "Liu, Xiangyi"]
[Result "1/2-1/2"]
[WhiteTitle "GM"]
[BlackTitle "FM"]
[WhiteElo "2581"]
[BlackElo "2443"]
[WhiteFideId "5045207"]
[BlackFideId "8605718"]
[EventDate "2017.03.12"]

1. d4 Nf6 2. Nf3 g6 3. g3 Bg7 4. Bg2 O-O 5. c4 d5 6. O-O Nc6 7. Nbd2 Be6 8. b3
Ne4 9. Bb2 Nxd2 10. Qxd2 dxc4 11. Rfd1 cxb3 1/2-1/2

[Event "7th HD Bank Cup 2017"]
[Site "Ho Chi Minh City VIE"]
[Date "2017.03.16"]
[Round "7.26"]
[White "Nguyen, Huynh Minh Huy"]
[Black "Chen, Qi b"]
[Result "1/2-1/2"]
[WhiteTitle "GM"]
[WhiteElo "2428"]
[BlackElo "2328"]
[WhiteFideId "12401269"]
[BlackFideId "8614733"]
[EventDate "2017.03.12"]

1. d4 Nf6 2. Nf3 g6 3. g3 Bg7 4. Bg2 O-O 5. O-O d5 6. c4 c6 7. Qb3 Qb6 8. Nc3
Rd8 9. Rd1 Bf5 10. Ne1 dxc4 11. Qxc4 Na6 12. e4 Be6 13. Qa4 Rac8 14. Nc2 c5 15.
d5 Bd7 16. Qc4 Ng4 17. Qe2 Bd4 18. Ne3 Nxe3 19. Bxe3 Bxe3 20. Qxe3 c4 21. Qxb6
axb6 22. d6 e6 23. e5 Nc5 24. Rd2 b5 25. Ne4 Nxe4 26. Bxe4 Bc6 27. Bxc6 Rxc6 28.
a3 Kf8 29. f4 Ke8 30. Kf2 Ra8 31. Rc1 Kd7 32. Rc3 f6 33. Ke3 fxe5 34. fxe5 Rc5
35. Ke4 Rf8 36. b4 Rcc8 37. Rcc2 Rf1 38. Rf2 Re1+ 39. Kd4 Rd1+ 40. Rcd2 Rf8 41.
Rxd1 Rxf2 42. Kc5 Rxh2 43. Kxb5 Rh5 44. Kb6 Rxe5 45. a4 c3 46. b5 Re4 47. a5 Ra4 1/2-1/2

[Event "7th HD Bank Cup 2017"]
[Site "Ho Chi Minh City VIE"]
[Date "2017.03.16"]
[Round "7.27"]
[White "Vo, Thanh Ninh"]
[Black "To, Nhat Minh"]
[Result "1/2-1/2"]
[WhiteTitle "IM"]
[BlackTitle "IM"]
[WhiteElo "2414"]
[BlackElo "2317"]
[WhiteFideId "12402141"]
[BlackFideId "729019"]
[EventDate "2017.03.12"]

1. g3 d5 2. Nf3 g6 3. Bg2 Bg7 4. O-O e5 5. d3 Ne7 6. e4 O-O 7. Nbd2 Nbc6 8. exd5
Nxd5 9. Nc4 Re8 10. Re1 h6 11. Bd2 Bf5 12. Ne3 Be6 13. Nc4 Bf5 14. Ne3 Be6 1/2-1/2

[Event "7th HD Bank Cup 2017"]
[Site "Ho Chi Minh City VIE"]
[Date "2017.03.16"]
[Round "7.28"]
[White "Hoang, Thi Bao Tram"]
[Black "Cao, Sang"]
[Result "1/2-1/2"]
[WhiteTitle "WGM"]
[BlackTitle "GM"]
[WhiteElo "2340"]
[BlackElo "2406"]
[WhiteFideId "12401102"]
[BlackFideId "725056"]
[EventDate "2017.03.12"]

1. d4 Nf6 2. c4 e6 3. Nc3 Bb4 4. Qc2 b6 5. e4 Bb7 6. f3 c5 7. d5 exd5 8. cxd5
O-O 9. Ne2 b5 10. Bd2 a6 11. a4 bxa4 12. Nxa4 Bxd2+ 13. Qxd2 d6 14. b4 cxb4 15.
Qxb4 Qe7 16. Nb6 Ra7 17. Qd4 Bc8 18. Nc4 Rc7 19. Ng3 Rc5 20. Be2 h5 21. h4 g6
22. Kf2 Nbd7 23. Ne3 Ne5 24. Ra3 Nfd7 25. Bd1 Nb6 1/2-1/2

[Event "7th HD Bank Cup 2017"]
[Site "Ho Chi Minh City VIE"]
[Date "2017.03.16"]
[Round "7.30"]
[White "Ervan, Mohamad"]
[Black "Gatus, Edmundo"]
[Result "1/2-1/2"]
[WhiteTitle "FM"]
[WhiteElo "2401"]
[BlackElo "2247"]
[WhiteFideId "7102135"]
[BlackFideId "5202493"]
[EventDate "2017.03.12"]

1. d4 d5 2. c4 c6 3. Nc3 Nf6 4. Nf3 e6 5. e3 Nbd7 6. Qc2 a6 7. b3 b5 8. Be2 Bb7
9. O-O dxc4 10. bxc4 b4 11. Na4 c5 12. Rd1 Qc7 13. Bb2 Be7 14. Ne1 O-O 15. Bf3
Rfc8 16. Rac1 a5 17. Ba1 h6 18. h3 Ra6 19. dxc5 Bxf3 20. Nxf3 Nxc5 21. Be5 Qc6
22. Nxc5 Qxc5 23. Qa4 Qc6 24. Qb5 Rb6 25. Nd4 Qb7 26. Qa4 Nd7 27. Nf3 Nc5 28.
Qc2 Qe4 29. Qxe4 Nxe4 30. Rd7 Bf6 31. Ra7 Rbc6 32. Rd1 Rxc4 33. Rdd7 Rf8 34.
Bxf6 gxf6 35. Nd4 Rc1+ 36. Kh2 Nxf2 37. Rac7 Nd3 38. Ra7 Nf2 39. Ne2 Rh1+ 40.
Kg3 Ne4+ 41. Kf3 Ng5+ 42. Kf4 Rc8 43. Kg4 Kg7 44. h4 f5+ 45. Kg3 Rc4 46. Nf4 1/2-1/2

[Event "7th HD Bank Cup 2017"]
[Site "Ho Chi Minh City VIE"]
[Date "2017.03.16"]
[Round "7.32"]
[White "Duong, The Anh"]
[Black "Torre, Eugenio"]
[Result "1/2-1/2"]
[WhiteTitle "IM"]
[BlackTitle "GM"]
[WhiteElo "2334"]
[BlackElo "2481"]
[WhiteFideId "12401277"]
[BlackFideId "5200016"]
[EventDate "2017.03.12"]

1. d4 Nf6 2. c4 e6 3. Nc3 d5 4. cxd5 exd5 5. Bg5 c6 6. e3 Be7 7. Bd3 Nbd7 8. Qc2
Nf8 9. Nge2 Ne6 10. Bh4 g6 11. f3 O-O 12. Bf2 b6 13. O-O c5 14. dxc5 bxc5 15.
Rfd1 Bd7 16. b3 Qa5 17. e4 dxe4 18. Nxe4 Nxe4 19. Bxe4 Rad8 20. Qc3 Qa6 21. Bd3
Bb5 22. Bxb5 Qxb5 23. Ng3 Rxd1+ 24. Rxd1 Rd8 25. Rxd8+ Bxd8 26. Ne4 Be7 27. Qd2
a6 28. Be3 Qb4 29. Nc3 Bf8 30. Nd5 Qxd2 31. Bxd2 Bg7 32. Kf2 Kf8 33. Ke2 Ke8 34.
Kd3 Kd7 35. Kc4 Kc6 36. Be3 Bf8 37. Nf6 h5 38. Ne4 Be7 39. Nf2 Bd6 40. Nd3 Bxh2
41. Nxc5 Nxc5 42. Bxc5 g5 43. Be3 g4 44. fxg4 hxg4 45. b4 f5 46. a4 f4 47. Bc5
f3 48. gxf3 gxf3 49. b5+ axb5+ 50. axb5+ Kb7 51. Kd3 Bc7 1/2-1/2

[Event "7th HD Bank Cup 2017"]
[Site "Ho Chi Minh City VIE"]
[Date "2017.03.16"]
[Round "7.35"]
[White "Lin, Yi"]
[Black "Kyaw Lin Naing"]
[Result "1/2-1/2"]
[BlackTitle "FM"]
[WhiteElo "2403"]
[BlackElo "2289"]
[WhiteFideId "8609659"]
[BlackFideId "13002953"]
[EventDate "2017.03.12"]

1. d4 Nf6 2. c4 e6 3. g3 d5 4. Bg2 Be7 5. Nf3 O-O 6. Nc3 b6 7. cxd5 exd5 8. O-O
Bb7 9. Ne5 a6 10. Bf4 Nc6 11. Rc1 Na5 12. Qa4 Qe8 13. Rfd1 Rd8 14. a3 c6 15. Qc2
c5 16. dxc5 bxc5 17. b3 d4 18. Bxb7 Nxb7 19. Na4 Nd5 20. Nd3 Nxf4 21. Nxf4 Bg5
22. Qd3 Bxf4 23. gxf4 Qc6 24. Rc2 Rd6 25. f5 Rd5 26. Qf3 Rfd8 27. Rdc1 Qd6 28.
b4 cxb4 29. Rc6 Qe5 30. Nb6 Rc5 31. axb4 Rxc1+ 32. Rxc1 Qe7 33. Rc6 Nd6 34. f6
Qe5 35. fxg7 Ne4 36. Qg4 d3 37. exd3 Nd2 38. Kg2 Qe1 39. Rc8 Qf1+ 40. Kg3 Qxd3+
41. Kg2 Qf1+ 42. Kg3 Qd3+ 43. Kg2 Qf1+ 44. Kg3 Qd3+ 1/2-1/2

[Event "7th HD Bank Cup 2017"]
[Site "Ho Chi Minh City VIE"]
[Date "2017.03.16"]
[Round "7.36"]
[White "Andyka, Pitra"]
[Black "Pham, Thi Thu Hien"]
[Result "1/2-1/2"]
[WhiteTitle "FM"]
[WhiteElo "2390"]
[BlackElo "2154"]
[WhiteFideId "7103255"]
[BlackFideId "12402575"]
[EventDate "2017.03.12"]

1. e4 c5 2. Ne2 a6 3. d4 cxd4 4. Nxd4 Nf6 5. Nc3 e5 6. Nf3 Bb4 7. Bc4 Qc7 8. Bb3
d6 9. O-O Bxc3 10. bxc3 Nbd7 11. Ng5 O-O 12. f4 Qc5+ 13. Kh1 h6 14. Nf3 Nxe4 15.
Qe1 Ndf6 16. fxe5 dxe5 17. Be3 Qc7 18. Nd2 Nxd2 19. Bxd2 Nh7 20. Qg3 Kh8 21.
Rae1 f6 22. Qg6 Qd8 23. Bc1 Qe7 24. Bd5 Be6 25. Ba3 Qxa3 26. Bxe6 Rfe8 27. Bd5
Qe7 28. Re3 Nf8 29. Qh5 Red8 30. c4 Rd7 31. Rh3 Rad8 32. Qg4 Nh7 33. c3 b5 34.
Bc6 Ng5 35. Rg3 Rd2 36. h4 Ne6 37. cxb5 axb5 38. Bxb5 Nf4 39. Qf5 Rxa2 40. Bc4
Rad2 41. h5 Qe8 42. Kg1 Qd7 43. Qe4 Nxh5 44. Rg4 Nf4 45. Rfxf4 exf4 46. Qg6 Qa7+
47. Kh2 f3 48. Bf7 Rg8 49. Bxg8 Qb8+ 50. Kh3 Qxg8 51. gxf3 Rd8 52. c4 Qh7 53.
Qf7 Qg8 54. Qg6 Qh7 55. Qf7 Qg8 56. Qb7 h5 57. Re4 Rb8 58. Qe7 Qc8+ 59. Kg3 Qf5
60. Qd6 Rc8 61. Rd4 Qe5+ 62. Qxe5 fxe5 63. Rd5 Rxc4 64. Rxe5 g6 65. Re7 Kg8 66.
f4 Rc5 67. Kf3 Rf5 68. Kg3 Rf7 69. Re6 Kg7 70. Ra6 Re7 71. f5 gxf5 72. Kf4 Rf7
73. Kg5 f4 74. Kxh5 f3 75. Ra1 Kf6 76. Kg4 Ke5 77. Kg3 Ke4 78. Ra4+ Ke3 79. Ra3+ 1/2-1/2

[Event "7th HD Bank Cup 2017"]
[Site "Ho Chi Minh City VIE"]
[Date "2017.03.16"]
[Round "7.46"]
[White "Dang, Hoang Son"]
[Black "Tong, Thai Hung"]
[Result "1/2-1/2"]
[WhiteTitle "FM"]
[WhiteElo "2356"]
[BlackElo "2182"]
[WhiteFideId "12402435"]
[BlackFideId "12403555"]
[EventDate "2017.03.12"]

1. d4 d5 2. c4 c6 3. Nf3 Nf6 4. Nc3 a6 5. e3 b5 6. b3 Bg4 7. h3 Bxf3 8. Qxf3 e5
9. dxe5 Bb4 10. Bd2 Bxc3 11. Bxc3 Ne4 12. Bb4 bxc4 13. Qg4 c5 14. f3 Nc6 15.
fxe4 Nxb4 16. Qxg7 Rf8 17. exd5 Nc2+ 18. Kf2 Nxa1 19. Bxc4 Nc2 20. Qh6 Rg8 21.
Qc6+ Kf8 22. Qh6+ Ke8 23. Qc6+ Kf8 24. Qh6+ Ke8 1/2-1/2

[Event "7th HD Bank Cup 2017"]
[Site "Ho Chi Minh City VIE"]
[Date "2017.03.16"]
[Round "7.47"]
[White "Li, Xueyi"]
[Black "Lu, Chan Hung"]
[Result "1/2-1/2"]
[BlackTitle "IM"]
[WhiteElo "2170"]
[BlackElo "2243"]
[WhiteFideId "8605912"]
[BlackFideId "12402508"]
[EventDate "2017.03.12"]

1. d4 Nf6 2. c4 e6 3. g3 Bb4+ 4. Bd2 Qe7 5. Bg2 Nc6 6. e3 O-O 7. Nc3 e5 8. d5
Nd8 9. Nge2 d6 10. O-O Ne8 11. a3 Bxc3 12. Bxc3 f5 13. b4 h5 14. f4 h4 15. fxe5
dxe5 16. c5 Nf7 17. e4 hxg3 18. Nxg3 f4 19. Nf5 Bxf5 20. exf5 Qg5 21. Qd3 Nf6
22. Rae1 Rfe8 23. Kh1 Ng4 24. Bh3 Ne3 25. Rxe3 fxe3 26. f6 e4 27. Qe2 Rad8 28.
Be6 Rxd5 29. Bxd5 Qxd5 30. Rg1 g5 31. Qxe3 Kh7 32. Re1 Kg6 33. Kg1 Nh6 34. Bd2
Ng4 35. f7 Kxf7 36. Qxg5 Qxg5 37. Bxg5 Ne5 38. Rf1+ Nf3+ 39. Kh1 Ke6 40. Bf4 c6
41. Kg2 Kf5 42. Bg3 Rd8 43. Bd6 Kg4 44. Kf2 Rh8 45. Ke3 Rh3 46. Rf2 Kf5 47. a4
a6 48. Bc7 Rh4 49. Rg2 Ne1 50. Rf2+ Ke6 51. Bg3 Rg4 52. Re2 Nd3 53. Kd4 1/2-1/2

[Event "7th HD Bank Cup 2017"]
[Site "Ho Chi Minh City VIE"]
[Date "2017.03.16"]
[Round "8.21"]
[White "Diu, Viacheslav"]
[Black "Tran, Ngoc Lan"]
[Result "1/2-1/2"]
[WhiteTitle "IM"]
[WhiteElo "2421"]
[BlackElo "2254"]
[WhiteFideId "4167465"]
[BlackFideId "12401811"]
[EventDate "2017.03.12"]

1. d4 d5 2. Nf3 Nf6 3. c4 c6 4. Nc3 e6 5. Bg5 Nbd7 6. e3 Qa5 7. cxd5 Nxd5 8. Qd2
h6 9. Bh4 Bd6 10. Bd3 O-O 11. O-O Nxc3 12. bxc3 e5 13. Bg3 Qc7 14. Rab1 Re8 15.
Qc2 exd4 16. cxd4 Bxg3 17. hxg3 Nf6 18. Rfc1 Be6 19. e4 Qe7 20. e5 Nd5 21. Qb2
Nb6 22. Qe2 Rad8 23. Qe4 1/2-1/2

[Event "7th HD Bank Cup 2017"]
[Site "Ho Chi Minh City VIE"]
[Date "2017.03.16"]
[Round "8.24"]
[White "Chu, Wei Chao"]
[Black "Xiang, Zeyu"]
[Result "1/2-1/2"]
[WhiteTitle "IM"]
[WhiteElo "2328"]
[BlackElo "2411"]
[WhiteFideId "8605661"]
[BlackFideId "8608547"]
[EventDate "2017.03.12"]

1. Nf3 Nf6 2. c4 c6 3. d4 d5 4. Nbd2 e6 5. g3 Nbd7 6. Bg2 Be7 7. O-O O-O 8. Qc2
b6 9. e4 Bb7 10. Rd1 Rc8 11. b3 c5 12. exd5 exd5 13. Bb2 Qc7 14. Qf5 dxc4 15.
Nxc4 Be4 16. Qh3 Qb7 17. Nfe5 Bxg2 18. Qxg2 Qxg2+ 19. Kxg2 cxd4 20. Nxd7 1/2-1/2

[Event "7th HD Bank Cup 2017"]
[Site "Ho Chi Minh City VIE"]
[Date "2017.03.16"]
[Round "8.28"]
[White "Kathmale, Sameer"]
[Black "Li, Ruofan"]
[Result "1/2-1/2"]
[WhiteTitle "IM"]
[BlackTitle "IM"]
[WhiteElo "2323"]
[BlackElo "2352"]
[WhiteFideId "5024498"]
[BlackFideId "8600643"]
[EventDate "2017.03.12"]

1. e4 e5 2. Nc3 Nc6 3. g3 Bc5 4. Bg2 a6 5. Nge2 d6 6. d3 Nge7 7. h3 O-O 8. O-O
f5 9. Be3 Nd4 10. Bxd4 exd4 11. Nd5 Ng6 12. exf5 Bxf5 13. c3 dxc3 14. bxc3 Qd7
15. d4 Ba7 16. Qb3 Qf7 17. Qxb7 Rae8 18. Ndf4 Nxf4 19. Nxf4 c6 20. Qxc6 Kh8 21.
Qxa6 g5 22. Nd5 Be4 23. Bxe4 Rxe4 24. Ne3 Qf3 25. Rae1 Bb8 26. Qe2 Qf7 27. Qc4
Qf3 28. Qe2 Qf7 29. f3 Re6 30. Kg2 d5 31. Qf2 Rc6 32. Rc1 h5 33. c4 h4 34. gxh4
Bf4 35. Nxd5 Bxc1 36. Rxc1 Rg6 37. hxg5 Rxg5+ 38. Kh2 Rxd5 39. Qg3 Rxd4 40. Qe5+
Qg7 41. Qh5+ Qh7 42. Qe5+ Qg7 43. Qh5+ Qh7 44. Qe5+ Qg7 45. Qh5+ Qh7 46. Qe5+ 1/2-1/2

[Event "7th HD Bank Cup 2017"]
[Site "Ho Chi Minh City VIE"]
[Date "2017.03.16"]
[Round "8.29"]
[White "Muminova, Nafisa"]
[Black "Vo, Dai Hoai Duc"]
[Result "1/2-1/2"]
[WhiteTitle "WGM"]
[WhiteElo "2348"]
[BlackElo "2205"]
[WhiteFideId "14201526"]
[BlackFideId "12400033"]
[EventDate "2017.03.12"]

1. e4 c5 2. Nf3 e6 3. d4 cxd4 4. Nxd4 Nc6 5. Nc3 Qc7 6. Be3 a6 7. Qf3 b5 8. Nxc6
Qxc6 9. Bd3 Bb7 10. Qg3 b4 11. Ne2 Nf6 12. f3 d5 13. Nd4 Qc8 14. e5 Nd7 15. O-O
g6 16. Kh1 Bc5 17. Rae1 Qc7 18. c3 Qb6 19. Rf2 O-O-O 20. Bc2 f6 21. f4 f5 22.
Ba4 Kb8 23. Rc2 Bxd4 24. Bxd4 Qa5 25. b3 Nb6 26. cxb4 Qxb4 27. Qf2 Nxa4 28. bxa4
Rc8 29. Rb2 Qc4 30. h3 Rhd8 31. Reb1 Rd7 32. Rb6 Rc6 33. Qb2 Rxb6 34. Qxb6 Rc7
35. a3 Qc6 36. Qb4 Rc8 37. Kh2 Rc7 38. Rb3 Qd7 39. Bc5 Rc6 40. Bd6+ Ka8 41. Qd4
Rc4 42. Qb6 Rc6 43. Qd4 Rc4 44. Qb6 1/2-1/2

[Event "7th HD Bank Cup 2017"]
[Site "Ho Chi Minh City VIE"]
[Date "2017.03.16"]
[Round "8.32"]
[White "Gatus, Edmundo"]
[Black "Lin, Yi"]
[Result "1/2-1/2"]
[WhiteElo "2247"]
[BlackElo "2403"]
[WhiteFideId "5202493"]
[BlackFideId "8609659"]
[EventDate "2017.03.12"]

1. e4 c5 2. Nf3 e6 3. d4 cxd4 4. Nxd4 Nc6 5. Nc3 Qc7 6. g3 a6 7. Bg2 Nf6 8. O-O
Nxd4 9. Qxd4 Bc5 10. Qd3 Ng4 11. h3 Ne5 12. Qe2 b5 13. Kh2 d6 14. f4 Nc6 15. Be3
Bxe3 16. Qxe3 O-O 17. Rf2 Bb7 18. Ne2 Rac8 19. c3 Rfd8 20. Rd1 b4 21. cxb4 Nxb4
22. Nc3 Nc6 23. f5 Qe7 24. f6 gxf6 25. Qh6 Ne5 26. Rxf6 Kh8 27. Rf4 Rg8 28. Qf6+
Qxf6 29. Rxf6 Kg7 30. Rf2 Rgd8 31. Bf1 Kf8 32. Rd4 Ke7 33. Rb4 Rc7 34. Rb6 Nd7
35. Rb4 Ne5 36. Rb6 Nd7 37. Rb4 Ne5 38. Rb6 Nd7 1/2-1/2

[Event "7th HD Bank Cup 2017"]
[Site "Ho Chi Minh City VIE"]
[Date "2017.03.16"]
[Round "8.34"]
[White "Duong, The Anh"]
[Black "Puranik, Abhimanyu"]
[Result "1/2-1/2"]
[WhiteTitle "IM"]
[BlackTitle "IM"]
[WhiteElo "2334"]
[BlackElo "2477"]
[WhiteFideId "12401277"]
[BlackFideId "5061245"]
[EventDate "2017.03.12"]

1. d4 Nf6 2. Bg5 d5 3. e3 c5 4. Nc3 e6 5. Nf3 Nc6 6. Be2 Be7 7. O-O O-O 8. dxc5
h6 9. Bh4 Qa5 10. Nb5 a6 11. Nbd4 Qxc5 12. Rc1 b5 13. c3 Bd7 14. Nxc6 Bxc6 15.
Qd4 Qa7 16. Ne5 Rfc8 17. Nxc6 Rxc6 18. a4 Bc5 19. Qd1 Ne4 20. axb5 axb5 21. Bd3
f5 22. Qe2 Qb7 23. Bg3 b4 24. cxb4 Nxg3 1/2-1/2

[Event "7th HD Bank Cup 2017"]
[Site "Ho Chi Minh City VIE"]
[Date "2017.03.16"]
[Round "8.39"]
[White "Pham, Le Thao Nguyen"]
[Black "Zhao, Shengxin"]
[Result "1/2-1/2"]
[WhiteTitle "IM"]
[BlackTitle "WFM"]
[WhiteElo "2351"]
[BlackElo "2094"]
[WhiteFideId "12401226"]
[BlackFideId "8608040"]
[EventDate "2017.03.12"]

1. d4 d5 2. Nf3 Nf6 3. c4 c6 4. e3 e6 5. Nc3 Nbd7 6. Qc2 Bd6 7. Bd3 O-O 8. O-O
dxc4 9. Bxc4 a6 10. e4 e5 11. Rd1 Qc7 12. h3 exd4 13. Nxd4 Bf4 14. Bf1 Bxc1 15.
Raxc1 Ne5 16. g3 Rd8 17. Qe2 Qb6 18. Nf5 Bxf5 19. exf5 Ned7 20. b3 Nc5 21. g4 h6
22. Qe3 Re8 23. Qf4 Nce4 24. Bg2 Nxc3 25. Rxc3 Rad8 1/2-1/2

[Event "7th HD Bank Cup 2017"]
[Site "Ho Chi Minh City VIE"]
[Date "2017.03.16"]
[Round "8.43"]
[White "Reyes, Narquingden"]
[Black "Le, Minh Hoang"]
[Result "1/2-1/2"]
[WhiteTitle "FM"]
[BlackTitle "CM"]
[WhiteElo "2318"]
[BlackElo "2198"]
[WhiteFideId "5217334"]
[BlackFideId "12404683"]
[EventDate "2017.03.12"]

1. d4 d5 2. Nf3 Nf6 3. c4 c6 4. cxd5 cxd5 5. Nc3 Nc6 6. Bf4 Bf5 7. e3 e6 8. Be2
Bd6 9. Bxd6 Qxd6 10. O-O O-O 11. Rc1 Rfc8 12. Nd2 Na5 13. Qa4 Qd8 14. b4 Nc6 15.
Nb3 a5 16. bxa5 Nxa5 17. Nxa5 Rxa5 18. Qb3 h6 19. h3 Rca8 1/2-1/2